000 00394nam a2200145Ia 4500
008 151213s9999 xx 000 0 und d
100 _aWasington Irving
245 _aGreat Illustrated Chassis The Legend of Sleepy Hollow
_cWasington Irving
260 _aNew York
_bBaronet Books
300 _a2803 p.
650 _aEnglish
650 _aEnglish
700 _aWasington Irving
999 _c1913
_d1913